La autodeterminación de las masas /
Está obra recoge una serie de trabajos de René Zavaleta, boliviano pionero en pensar el tema de la diversidad social, sobre todo desde la teoría política, la sociología y la historia. Esta antología ofrece no solo el carácter de una memoria del pensamiento social boliviano y latinoamericano, sino pu...
Wedi'i Gadw mewn:
| Prif Awdur: | |
|---|---|
| Awduron Eraill: | |
| Fformat: | Anhysbys |
| Iaith: | Spanish |
| Cyhoeddwyd: |
Bogotá, Colombia :
Siglo del Hombre Editores, CLACSO,
2009
|
| Cyfres: | Pensamiento Crítico Latinoamericano
|
| Pynciau: | |
| Tagiau: |
Ychwanegu Tag
Dim Tagiau, Byddwch y cyntaf i dagio'r cofnod hwn!
|
MARC
| LEADER | 00000 a2200000 04500 | ||
|---|---|---|---|
| 001 | 40222 | ||
| 003 | cru CIDCACS/IIS | ||
| 005 | 20230612105109.0 | ||
| 008 | 050701s2009 ck spa d | ||
| 020 | |a 978-958-665-140-0 | ||
| 040 | |c cru CIDCACS/IIS | ||
| 090 | |a 03.03.01 Z39a | ||
| 100 | |a Zavaleta, René | ||
| 245 | |a La autodeterminación de las masas / |c René Zavaleta; Luis Tapia compilador | ||
| 260 | |a Bogotá, Colombia : |b Siglo del Hombre Editores, |b CLACSO, |c 2009 | ||
| 300 | |a 392 páginas | ||
| 440 | |a Pensamiento Crítico Latinoamericano | ||
| 520 | |a Está obra recoge una serie de trabajos de René Zavaleta, boliviano pionero en pensar el tema de la diversidad social, sobre todo desde la teoría política, la sociología y la historia. Esta antología ofrece no solo el carácter de una memoria del pensamiento social boliviano y latinoamericano, sino puede ser utilizado como referente para la construcción teórica dirigida a un proceso de desconolonización y de democratización multicultural. Se pueden extraer reflexiones en torno a los problemas centrales de Bolivia como de las sociedades latinoamericanas en su conjunto. | ||
| 590 | |a DISEMINAR122010/RRA/ENERO2011 | ||
| 650 | |a CLASES SOCIALES | ||
| 650 | |a CLASE OBRERA | ||
| 650 | |a ESTADO | ||
| 650 | |a DEMOCRACIA | ||
| 650 | |a DEMOCRATIZACION | ||
| 650 | |a BOLIVIA | ||
| 650 | |a AMERICA LATINA | ||
| 650 | |a MARXISMO | ||
| 700 | |a Tapia, Luis | ||
| 700 | |e compilador | ||
| 942 | |2 ddc |c LI |h 03.03.01 Z39a |i 08716 |6 030301_Z39A_08716 | ||
| 999 | |c 16887 |d 16887 | ||



